Flight performance of fixed and rotary wing aircraft / (Record no. 23525)

000 -LEADER
fixed length control field 01200cam a22003377a 4500
001 - CONTROL NUMBER
control field 14275182
003 - CONTROL NUMBER IDENTIFIER
control field NUST
005 - DATE AND TIME OF LATEST TRANSACTION
control field 20170613094106.0
008 - FIXED-LENGTH DATA ELEMENTS--GENERAL INFORMATION
fixed length control field 060223s2006 enka b 001 0 eng d
010 ## - LIBRARY OF CONGRESS CONTROL NUMBER
LC control number 2006922837
015 ## - NATIONAL BIBLIOGRAPHY NUMBER
National bibliography number GBA625384
Source bnb
016 7# - NATIONAL BIBLIOGRAPHIC AGENCY CONTROL NUMBER
Record control number 013409014
Source Uk
020 ## - INTERNATIONAL STANDARD BOOK NUMBER
International Standard Book Number 0750668172 (hbk.)
024 3# - OTHER STANDARD IDENTIFIER
Standard number or code 9780750668170
035 ## - SYSTEM CONTROL NUMBER
System control number (OCoLC)ocm64313626
040 ## - CATALOGING SOURCE
Original cataloging agency UKM
Transcribing agency RCMS
Modifying agency BAKER
-- DLC
042 ## - AUTHENTICATION CODE
Authentication code ukblsr
-- lccopycat
050 00 - LIBRARY OF CONGRESS CALL NUMBER
Classification number TL671.4
Item number .F45 2006
082 04 - DEWEY DECIMAL CLASSIFICATION NUMBER
Classification number 629.132 FIL
Edition number 22
100 1# - MAIN ENTRY--PERSONAL NAME
Personal name Filippone, Antonio,
Dates associated with a name 1965-
9 (RLIN) 2465
245 10 - TITLE STATEMENT
Title Flight performance of fixed and rotary wing aircraft /
Statement of responsibility, etc. Antonio Filippone.
250 ## - EDITION STATEMENT
Edition statement Ist ed.
260 ## - PUBLICATION, DISTRIBUTION, ETC.
Place of publication, distribution, etc. Amsterdam ;
-- Boston :
Name of publisher, distributor, etc. Butterworth-Heinemann,
Date of publication, distribution, etc. c.2006.
300 ## - PHYSICAL DESCRIPTION
Extent xxvii, 565 p. :
Other physical details ill. ;
Dimensions 26 cm.
440 #0 - SERIES STATEMENT/ADDED ENTRY--TITLE
Title Elsevier aerospace engineering series
9 (RLIN) 2466
504 ## - BIBLIOGRAPHY, ETC. NOTE
Bibliography, etc. note Includes bibliographical references and index.
538 ## - SYSTEM DETAILS NOTE
Display text Shelf No 1 Row 4
650 #0 - SUBJECT ADDED ENTRY--TOPICAL TERM
Topical term or geographic name entry element Airplanes
General subdivision Performance.
9 (RLIN) 2215
650 #0 - SUBJECT ADDED ENTRY--TOPICAL TERM
Topical term or geographic name entry element Aerospace engineering.
9 (RLIN) 2467
650 #0 - SUBJECT ADDED ENTRY--TOPICAL TERM
Topical term or geographic name entry element Flight engineering.
9 (RLIN) 2468
856 ## - ELECTRONIC LOCATION AND ACCESS
Materials specified Table of Content Only
906 ## - LOCAL DATA ELEMENT F, LDF (RLIN)
a 7
b cbc
c copycat
d 2
e epcn
f 20
g y-gencatlg
942 ## - ADDED ENTRY ELEMENTS (KOHA)
Source of classification or shelving scheme
Koha item type Book
Holdings
Withdrawn status Lost status Source of classification or shelving scheme Damaged status Not for loan Permanent Location Current Location Shelving location Date acquired Total Checkouts Total Renewals Full call number Barcode Date last seen Date last checked out Price effective from Koha item type
          School of Interdisciplinary Engineering and Sciences (SINES) School of Interdisciplinary Engineering and Sciences (SINES) General Stacks 11/26/2013 1 3 629.132 FIL RCMS002639 11/10/2025 04/04/2023 11/26/2013 Book
          School of Interdisciplinary Engineering and Sciences (SINES) School of Interdisciplinary Engineering and Sciences (SINES) General Stacks 05/06/2014 5   629.132 FIL RCMS000568 09/26/2018 08/28/2018 05/06/2014 Book
© 2023 Central Library, National University of Sciences and Technology. All Rights Reserved.